| Tag |
First Indicator |
Second Indicator |
Subfields |
| LEADER |
00000cam a2200000 i 4500 |
| 001 |
in00003884809 |
| 005 |
20171016141300.0 |
| 008 |
170331t20172017nyuab b 001 0 eng |
| 010 |
|
|
|a 2017003965
|
| 020 |
|
|
|a 9780823276592
|q hardcover
|
| 020 |
|
|
|a 0823276597
|q hardcover
|
| 020 |
|
|
|a 9780823276608
|q paperback
|
| 020 |
|
|
|a 0823276600
|q paperback
|
| 035 |
|
|
|a (OCoLC)ocn963914073
|
| 040 |
|
|
|a DLC
|e rda
|c DLC
|d UtOrBLW
|
| 043 |
|
|
|a n-us---
|a n-us-ct
|a n-us-il
|a n-us-wi
|
| 049 |
|
|
|a TXAM
|
| 050 |
0 |
0 |
|a E540.I6
|b K43 2017
|
| 082 |
0 |
0 |
|a 973.7/473
|2 23
|
| 100 |
1 |
|
|a Keating, Ryan W.,
|e author.
|0 http://id.loc.gov/authorities/names/n2017015388
|
| 245 |
1 |
0 |
|a Shades of green :
|b Irish regiments, American soldiers, and local communities in the Civil War era /
|c Ryan W. Keating.
|
| 250 |
|
|
|a First edition.
|
| 264 |
|
1 |
|a New York :
|b Fordham University Press,
|c [2017]
|
| 264 |
|
4 |
|c ©2017
|
| 300 |
|
|
|a 312 pages, 8 unnumbered pages of plates :
|b illustrations ;
|c 24 cm.
|
| 336 |
|
|
|a text
|b txt
|2 rdacontent
|
| 337 |
|
|
|a unmediated
|b n
|2 rdamedia
|
| 338 |
|
|
|a volume
|b nc
|2 rdacarrier
|
| 490 |
1 |
|
|a The North's Civil War
|
| 504 |
|
|
|a Includes bibliographical references and index.
|
| 505 |
0 |
|
|a Chapter One. Illinois and Mulligan's Irish Brigade -- Chapter Two. An Irish Regiment in the Nutmeg State -- Chapter Three. The Formation of the Seventeenth Wisconsin -- Chapter Four. Ethnicity and Combat -- Chapter 5. Disorder and Discipline -- Chapter 6. Connecticut, Illinois and Wisconsin React to the New York City Draft Riots -- Chapter 7. Patriotism and Sacrifice on the Home Front -- Chapter 8. Wounded Warriors and Public Wards.
|
| 520 |
|
|
|a Drawing on records of about 5,500 soldiers and veterans, Shades of Green traces the organization of Irish regiments from the perspective of local communities in Connecticut, Illinois and Wisconsin and the relationships between soldiers and the home front. Research on the impact of the Civil War on Irish Americans has traditionally fallen into one of two tracks, arguing that the Civil War either further alienated Irish immigrants from American society or that military service in defense of the Union offered these men a means of assimilation. In this study of Irish American service, Ryan W. Keating argues that neither paradigm really holds, because many Irish Americans during this time already considered themselves to be assimilated members of American society. This comprehensive study argues that the local community was often more important to ethnic soldiers than the imagined ethnic community, especially in terms of political, social and economic relationships. An analysis of the Civil War era from this perspective provides a much clearer understanding of immigrant place and identity during the nineteenth century.
|
| 651 |
|
0 |
|a United States
|x History
|y Civil War, 1861-1865
|x Participation, Irish American.
|
| 650 |
|
0 |
|a Irish American soldiers
|x History
|y 19th century.
|
| 651 |
|
0 |
|a United States
|x History
|y Civil War, 1861-1865
|x Regimental histories.
|0 http://id.loc.gov/authorities/subjects/sh85140267
|
| 651 |
|
0 |
|a Connecticut
|x History
|y Civil War, 1861-1865
|x Regimental histories.
|
| 651 |
|
0 |
|a Illinois
|x History
|y Civil War, 1861-1865
|x Regimental histories.
|
| 651 |
|
0 |
|a Wisconsin
|x History
|y Civil War, 1861-1865
|x Regimental histories.
|
| 651 |
|
0 |
|a United States
|x History
|y Civil War, 1861-1865
|x Social aspects.
|0 http://id.loc.gov/authorities/subjects/sh2007100005
|
| 650 |
|
0 |
|a Community life
|z Connecticut
|x History
|y 19th century.
|
| 650 |
|
0 |
|a Community life
|z Illinois
|x History
|y 19th century.
|
| 650 |
|
0 |
|a Community life
|z Wisconsin
|x History
|y 19th century.
|
| 650 |
|
7 |
|a HISTORY / United States / Civil War Period (1850-1877)
|2 bisacsh
|
| 830 |
|
0 |
|a North's Civil War.
|0 http://id.loc.gov/authorities/names/n96083247
|
| 945 |
|
|
|b 217711
|
| 947 |
|
|
|a A14850129751
|
| 948 |
|
|
|a cataloged
|b h
|c 2017/9/8
|d c
|e dmitchel
|f 2:00:00 pm
|
| 994 |
|
|
|a 92
|b TXA
|
| 999 |
f |
f |
|s 7fd4a2fc-d882-3125-ab1b-8df5a7c8b9ca
|i aa79f71f-9f64-3fda-b591-5841023cf8b3
|t 0
|
| 952 |
f |
f |
|p normal
|a Texas A&M University
|b College Station
|c Sterling C. Evans Library
|d Evans: Library Stacks
|t 0
|e E540.I6 K43 2017
|h Library of Congress classification
|i unmediated -- volume
|m A14850129751
|
| 998 |
f |
f |
|a E540.I6 K43 2017
|t 0
|l Evans: Library Stacks
|